| 000 | 00578nam a2200193 a 4500 | ||
|---|---|---|---|
| 005 | 20240910063937.0 | ||
| 008 | 060424s1996 mx r 000 0 spa d | ||
| 020 | _a9681207025 | ||
| 035 | _aUPN01000143878 | ||
| 049 | _aCG | ||
| 050 | 4 |
_aPQ7133 _bE8.2 |
|
| 245 | 0 | 0 |
_aEscribir la infancia : _bnarradoras mexicanas contemporáneas / _ccoord. Nora Pasternac. |
| 260 |
_aMéxico : _bEl Colegio de México, _c1996. |
||
| 300 | _a374 p. | ||
| 650 | 4 |
_aAUTORAS MEXICANAS _93825 |
|
| 650 | 4 |
_aNiños en la literatura _914415 |
|
| 700 | 1 |
_aPasternac, Nora, _ecoord. |
|
| 905 | _aLibro | ||
| 999 |
_c116025 _d116025 |
||